| 000 | 01187nam0a22002891 4500 | ||
|---|---|---|---|
| 001 | rc\3022288 | ||
| 005 | 20250810060729.0 | ||
| 035 | _a(NLR Aleph) 007164145 | ||
| 090 |
_a7279370 _c7279370 |
||
| 100 | _a20110928d1941 u y0rusy50 ca | ||
| 101 | 1 |
_arus _ceng |
|
| 102 | _aRU | ||
| 105 | _aa z ||||| | ||
| 200 | 1 |
_aЧистовая обработка снарядов бесцентровым шлифованием. № Т-13 _dFinishing Sholls by Center Less Grinding _fMehlhope L.E. _gНКОМ СССР, Ленингр. Дом техники машиностроения |
|
| 210 |
_aЛенинград _cБ. и. _d1941 |
||
| 215 |
_a14 с., [14] наклеен. ил. _cил. _d30 см |
||
| 300 | _aПер. из журн.: "Machinestry (N. Y.) 1941, март, т. 47, № 7, с. 145-50, 14 рис. | ||
| 300 | _aНапеч. на пиш. маш., стеклогр. | ||
| 510 | 0 | 0 | _aFinishing Sholls by Center Less Grinding |
| 700 | 1 |
_aМельхоп _bЛ.Е. |
|
| 801 | 0 |
_aRU _bNLR _gpsbo |
|
| 801 | 1 |
_aRU _bELAR _2rusmarc |
|
| 852 |
_aNLR _jТ36 Г-8/40 |
||
| 942 | _cBOOK | ||
| 945 | _aРоссийская национальная библиотека | ||
| 980 | _aNB | ||
| 980 | _aBV | ||